| 000 | 01242nam0a22003011 4500 | ||
|---|---|---|---|
| 001 | v19\rc\1825453 | ||
| 005 | 20260406104340.0 | ||
| 035 | _a(NLR Aleph) 005255053 | ||
| 090 |
_a5843119 _c5843119 |
||
| 100 | _a20071224d1907 |||y0rusy50 ca | ||
| 101 | 1 |
_arus _cfre |
|
| 102 | _aRU | ||
| 105 | _ay z ||||| | ||
| 200 | 1 |
_aАмур и К° _eФарс в 3 д. _fПер. с фр. Л.Л. Пальмского и И.Г. Старова |
|
| 210 |
_aМосква _cТеатр. б-ка М.А. Соколовой _d1907 |
||
| 215 |
_a84 с. _d25 |
||
| 300 | _aАвт. в кн. не указан; установлен по одноим. изд. 1907 г. | ||
| 309 | _aНапеч. на пиш. маш. Литогр. | ||
| 700 | 1 |
_aФорест _bЛ. _f1872-1933 _gЛуи |
|
| 702 | 1 |
_4730 _7ca _8rus _aЯрон _bИ. Г. _f-1919 _gИван Григорьевич _986781 _3RU\NLR\AUTH\77103856 |
|
| 702 | 1 |
_4730 _7ca _8rus _aПальмский _bЛ. Л. _f1867-1942 _gЛеонард Леонардович _978005 _3RU\NLR\AUTH\7795079 |
|
| 801 | 0 |
_aRU _bNLR _c20071224 _gpsbo |
|
| 801 | 0 |
_aRU _bRuMoRGB _c20071224 _2psbo |
|
| 801 | 1 |
_aRU _bProSoft-M _c20071224 _2rusmarc |
|
| 801 | 2 |
_aRU _bNLR _c20111011 _2rusmarc |
|
| 852 |
_aNLR _j34.84.6.624 |
||
| 942 | _cBOOK | ||
| 980 | _aNB | ||